000 00970nam a22002537a 4500
008 081212t xxu||||| |||| 00| 0beng d
010 _aENG-97586
020 _c595.00
_a9788179860786
020 _c595.00
_a8179860787
035 _aEN-81119
037 _bDBAD / PUB
040 _adpl
_bEnglish
082 _a303.4820954
100 _93724
245 _aSocio-Cultural diversities and globalization:
_cedited by S.R. Mehta
_bissues and perspectives /
260 _aShimala
_bIndian Institute of Advanced Stuay
_c2010
270 _aRashtrapati Nivas,
_bShimla
_e171005
300 _a364p.
_c23cm (Hb)
500 _aIncludes bibliographical references and index
600 _aBaba Visakha Singh
_xBiography.
_93725
700 _aMehta, S.R.
_93799
942 _2ddc
_cEN
_mSOC
_h303.4820954
999 _c38516
_d38516